Print me off another shard (Record no. 84784)

MARC details
000 -LEADER
fixed length control field 00788cab a22002295a 4500
001 - CONTROL NUMBER
control field L159038
008 - FIXED-LENGTH DATA ELEMENTS--GENERAL INFORMATION
fixed length control field 130731e2015 xxk 000 0 eng d
035 ## - SYSTEM CONTROL NUMBER
System control number (Sirsi) u159038
041 0# - LANGUAGE CODE
Language code of text/sound track or separate title eng
100 1# - MAIN ENTRY--PERSONAL NAME
Personal name Ijeh, Ike
245 00 - TITLE STATEMENT
Title Print me off another shard
490 ## - SERIES STATEMENT
Series statement Building
Volume/sequential designation (281) 18 September 2015, 44-45(2)
520 ## - SUMMARY, ETC.
Summary, etc. Glass has resisted the technological advances in 3D printing, but a team from MIT has invented a technique for printing full transparent glass. The breakthrough could revolutionise the way we make windows, cladding and full facade systems.
590 ## - LOCAL NOTE (RLIN)
Local note KA
650 24 - SUBJECT ADDED ENTRY--TOPICAL TERM
Topical term or geographic name entry element 3D PRINTING
650 24 - SUBJECT ADDED ENTRY--TOPICAL TERM
Topical term or geographic name entry element GLASS
650 24 - SUBJECT ADDED ENTRY--TOPICAL TERM
Topical term or geographic name entry element 3D MODELLING
651 #4 - SUBJECT ADDED ENTRY--GEOGRAPHIC NAME
Geographic name United Kingdom
690 ## - LOCAL SUBJECT ADDED ENTRY--TOPICAL TERM (OCLC, RLIN)
Topical term or geographic name as entry element CONSTRUCTION
690 ## - LOCAL SUBJECT ADDED ENTRY--TOPICAL TERM (OCLC, RLIN)
Topical term or geographic name as entry element Building materials and defects
942 ## - ADDED ENTRY ELEMENTS (KOHA)
Suppress in OPAC 0
Holdings
Withdrawn status Lost status Source of classification or shelving scheme Damaged status Not for loan Home library Current library Shelving location Date acquired Total Checkouts Full call number Barcode Date last seen Copy number Price effective from Koha item type
    Dewey Decimal Classification     London London Journal article 15/12/2015   L159038 159038-1001 06/08/2019 1 06/08/2019 Journal article